000 00683nam a2200181 a 4500
001 000019770
005 20200929170131.0
008 100706s1970 ag ad r 000 0 spa d
040 _aDO-SdBNP
_bspa
_cBNPHU
082 _axxxx
_bN972i
100 1 _aNunnally, Jum C.
_942233
245 1 0 _aIntroducción a la medición psicológica /
_cJum C. Nunnally ; traducción Leticia Halperin Donghi.
260 _aBuenos Aires, Argentina :
_bCentro Regional de Ayuda Técnica : Agencia para el Desarrollo Internacional,
_c1970.
300 _a619 p. :
_bil., diag. ;
_c23 cm.
500 _aIncluye notas al pie de las páginas.
700 1 _aHalperin Donghi, Leticia,
_etr.
_96128
049 _aBNGR
999 _c19284
_d19284